00469nam a22001577a 450000500170000000800410001702000150005804100120007308200150008510000290010024500600012925000190018926000470020830000300025565000260028520231101142440.0231101b |||||||| |||| 00| 0 eng d a0702104752 aEnglish a346.7 FAI  aFairbairn, WJ lEnglish  aHandbook for Trustees and Liquidators / cWJ Fairbairn  aThird Edition  aCape Town : bJuta and Company Ltd, c1973 bxi, 394 pages ; c26 cm.  aLegal practice bLaw